Tennis de table : Vainqueur J.O - Statistiques

Statistiques générales
  • Ce quiz a été pris 9 fois
  • Le résultat moyen est 5 sur 10
Statistiques - réponses
Année Vainqueur % Correct
2024 Fan Zhendong
83%
1992 Jan-Ove Waldner
83%
2020 Ma Long
83%
2016 Ma Long
83%
2008 Ma Lin
50%
2012 Zhang Jike
50%
2000 Kong Linghui
17%
1996 Liu Guoliang
17%
2004 Ryu Seung-min
17%
1988 Yoo Nam-kyu
0%
Aucun quiz correspondant
Distribution des résultats
% des personnes avec chaque résultat
Percentile par nombre de réponses
Votre historique - résultats
Vous n’avez pas pris ce quiz